| 000 | 00557cam a2200205ua 4500 | ||
|---|---|---|---|
| 001 | 5769 | ||
| 008 | 131025n ii |||gr||||Z||||||eng | ||
| 020 | _a0-14-302989-4 | ||
| 040 | _cMAIN | ||
| 082 | _a934 | ||
| 245 |
_aPenguin history of early India : _bfrom the origin to AD 1300 / _cBy Romila Thapar . |
||
| 250 | _a1st. | ||
| 260 |
_aNew Delhi: _bPenguin Books, _c2002. |
||
| 300 | _axvii,545p. | ||
| 653 | _aIndia to 647 | ||
| 653 | _aEarly Indian history | ||
| 653 | _aAncient Indian history | ||
| 700 |
_aThapar,Romila, _eAuthor. |
||
| 942 | _cBK | ||
| 999 |
_c4927 _d4927 |
||